| 000 | 00754nam a22002057a 4500 | ||
|---|---|---|---|
| 999 |
_c58498 _d58498 |
||
| 005 | 20221105215849.0 | ||
| 008 | 220428s2017 enk||||| |||| 00| 0 eng d | ||
| 020 | _a9781259837630 1 | ||
| 041 | _aeng | ||
| 080 | _a61 F-56 | ||
| 245 |
_aFirst Aid for the USMLE Step 1 : _b2017 a student-to-student guide / _cTao Le, Vikas Bhushan, Matthew Sochat, Yash Chavda, Mehboob Kalani, Kimberly Kallianos, Andrew Zureick. |
||
| 264 |
_aNew York, _c2017. |
||
| 300 |
_a776 p. _bill. _c28 cm. |
||
| 653 | _aFirst Aid for the USMLE Step 1 | ||
| 653 | _aმედიცინა | ||
| 700 |
_a Le, Tao _eავტორი _913689 |
||
| 700 |
_aBhushan, Vikas _eავტორი _98781 |
||
| 700 |
_aSochat, Matthew _eავტორი _913690 |
||
| 942 |
_2udc _cBK |
||